000 00822nam a2200289 a 4500
999 _c7649
_d7649
001 7649
003 BD-JhCC
005 20181027134006.0
008 180212s2002 enka 001 0 eng d
020 _a0719586151
035 _a(BD-JhCC)7649
040 _aBD-JhCC
_dBD-JhCC
041 _aeng
082 0 _a570
_221
_bMUR 2006
100 1 _aMackean, D. G.
_q(Donald Gordon)
245 1 0 _aGCSE biology /
_cD.G. Mackean.
250 _a3rd ed.
260 _aLondon :
_bJohn Murray,
_c2002.
300 _aix, 374 p. :
_bill. (chiefly col.), facsim., map ;
_c28 cm.
500 _aIncludes index.
500 _aPrevious ed.: 1995.
504 _aIncludes Index
650 0 _aBiology
_vJuvenile literature.
650 0 _aBiology
_vProblems, exercises, etc.
_vJuvenile literature.
942 _2ddc
_cBK
_01